Polypyrolom modifikované tenkovrstvové mikroelektródy

Enregistré dans:
Détails bibliographiques
Auteur principal: Koroš, Matúš (Auteur)
Autres auteurs: Řeháček, Vlastimil, 1957- (Directeur de thèse)
Format: Manuscrit Livre
Langue:slovaque
Publié: Bratislava : STU v Bratislave FEI, 2001
Tags: Ajouter un tag
Pas de tags, Soyez le premier à ajouter un tag!

MARC

LEADER 00000ntm a22000003a 4500
001 stu61439
005 20160719164815.9
008 011017s2001------------------------slo-d
040 |a STU  |b slo 
041 0 |a slo 
100 1 |a Koroš, Matúš  |4 aut 
245 1 |a Polypyrolom modifikované tenkovrstvové mikroelektródy 
260 |a Bratislava :  |b STU v Bratislave FEI,  |c 2001 
300 |a 34 s 
700 1 |a Řeháček, Vlastimil,  |d 1957-  |4 ths  |u E030  |U FEI Fakulta elektrotechniky a informatiky  |T FEI Ústav elektroniky a fotoniky  |X 4232  |U E030  |Y 549  |7 A000004232